000
00275nam a22001217a 4500
008
190205b xxu||||| |||| 00| 0 eng d
041
_a
eng
080
_2
2nd
_a
510
100
_a
36
101
_a
MAT
245
_a
Practical Descriptive Geometry
_c
Grant,M.E
942
_2
udc
_c
BK
999
_c
54001
_d
54001